000 00604 a2200193 4500
999 _c2676
_d2676
020 _a3727802863
050 _aK891 BUR 1983
100 _aBurke,Terence
_eauthor
245 _aSelected problems of construction law :
_cTerence Burke
_binternational approach /
264 _aSwitzerland :
_bUniversity Press,
_c1983
300 _a287p. :
_bill.
500 _aIncludes index
650 _aConstruction law
_xChallenges
650 _aConstruction law
_xProblems
700 _aDunne, Jan M.,
_eauthor
700 _aGauch, Peter
_eauthor
700 _aKeating Donald
_eauthor
942 _2lcc
_cBK
_h891
_iBUR
_kK